000 00782nam a2200253Ia 4500
003 OSt
005 20220923222946.0
006 a|||||r|||| 00| 0
007 ta
008 220922b |||||||| |||| 00| 0 hin d
024 _a209,148
037 _cTextual
040 _aARTS
_cARTS
_bhin
041 _2hin
_ahin
082 _aO152,3N43,SB, L8
100 _aसिन्हा, आशीष
245 0 _aसमय बीता हुआ
246 _aSamaya bītā huā
260 _aदिल्ली
_b राजपाल एंड सन्स
_c1978
300 _a167पृ.
_ccm.
650 _aहिन्दी साहित्य
_9156264
942 _hO152,3N43,SB, L8
_cTEXL
_2CC
999 _c359721
_d359721